Quizzes
Events
Quiz Creation
Community
Videos
Private Events
Remove Ads
Sign In
Join for FREE
Feedback
Dark Mode
Quiz Categories
Sports
Geography
Music
Movies
Television
Just For Fun
Miscellaneous
History
Literature
Language
Science
Gaming
Entertainment
Religion
Holiday
For Kids
Quiz Lab
Recent
Popular Today
Quiz Kudos Today
Editor Picks
Curator Picks
Quizzes by...
Day
Popularity
Type
Ratings
Length
Year
Community
Subscriptions
Recent Discussions
Orange Saloon
Badges
Playlists
Quests
Create
Leaderboards
Showdown
Live 5
Trivia Bingo
Activity
Puzzle Library
Sporcle Events
Private Events
Virtual Trivia
Globe League
Become a Host
Pub Owners
SporcleCon
Opinionation
Our Games
Videos
Blog
Mobile Apps
Partnerships
Remove Ads and Go Orange
Feedback
Sports
Athletes
MLB
NBA
NHL
NFL
Soccer
Sports Teams
WWE
NCAA
Football
Premier League
Basketball
Baseball
Hockey
Golf
Tennis
Cricket
Rugby
Auto Racing
Olympics
World Cup
Sports
Athletes
MLB
NBA
NHL
NFL
Soccer
Sports Teams
WWE
NCAA
Football
Premier League
Basketball
Baseball
Hockey
Golf
Tennis
Cricket
Rugby
Auto Racing
Olympics
World Cup
Random Quiz
Search Sporcle
×
Quiz Lab
Quiz Lab
Sports
round
Type in answers that appear in a list
Type in answers that appear in a list
Classic
Best Score? Go Orange.
TWL Impossible Question Stats
Can you name the TWL Champions, Current Teams, 1st Round Picks (since 2003), & Fully Alliterative Teams (Since 2001)?
By
ExistentialWolf
10m
53 Questions
13 Plays
13 Plays
13 Plays
Comments
Comments
Give Quiz Kudos
Give Quiz Kudos
-
- Ratings
hide this ad
Replay
Link that replays current quiz
Next Quiz
Link to next quiz in quiz playlist
You Got
0%
They Got
Avg Score
38%
Avg Friend Score
Upgrade to see
Score Distribution
Jump to the score distribution portion of the page
Score
0/53
Timer
10:00
0
Plays Today
Category
Answer
% Correct
First Round Draft Picks (Hitters)
Hanley Ramirez
84.6%
First Round Draft Picks (Hitters)
Albert Pujols
84.6%
First Round Draft Picks (Hitters)
David Ortiz
76.9%
First Round Draft Picks (Hitters)
Grady Sizemore
69.2%
First Round Draft Picks (Hitters)
Alex Rodriguez
69.2%
First Round Draft Picks (Pitchers)
Dan Haren
69.2%
First Round Draft Picks (Pitchers)
C.C. Sabathia
69.2%
First Round Draft Picks (Pitchers)
Jake Peavy
69.2%
First Round Draft Picks (Pitchers)
Johan Santana
69.2%
First Round Draft Picks (Pitchers)
Roy Oswalt
61.5%
TWL Champions
Gator Quakers
53.8%
TWL Champions
Gator Quakers
53.8%
TWL Champions
Paddy Wagon Punch
53.8%
TWL Champions
20X6
53.8%
TWL Champions
Paddy Wagon Punch
53.8%
TWL Champions
Paddy Wagon Punch
53.8%
Current Teams
20X6
53.8%
Current Teams
O.E.D.
53.8%
Current Teams
Paddy Wagon Punch
53.8%
Current Teams
SassBots
53.8%
Current Teams
Whiskey River
53.8%
TWL Champions
Dolly Llamas
46.2%
Current Teams
Cheat World Order
46.2%
Current Teams
Dolly Llamas
46.2%
First Round Draft Picks (Hitters)
Miguel M. Cabrera
38.5%
First Round Draft Picks (Hitters)
Carlos Delgado
38.5%
First Round Draft Picks (Hitters)
Jim Thome
38.5%
Category
Answer
% Correct
First Round Draft Picks (Pitchers)
Pedro Martinez
38.5%
TWL Champions
Over-Enlightened Despots
30.8%
TWL Champions
Gregorian Champs
23.1%
TWL Champions
Stealing Hergers
23.1%
Current Teams
Aroid Ragers
23.1%
Current Teams
Don't Mess with Texas
23.1%
Current Teams
Rican Roids
23.1%
Current Teams
Stealing Hergers
23.1%
AlliterativeTeam Names
Herger's Heroes
23.1%
AlliterativeTeam Names
M.M.
23.1%
AlliterativeTeam Names
Rican Roids
23.1%
TWL Champions
Master Of Puppets
15.4%
TWL Champions
Master Of Puppets
15.4%
TWL Champions
Wiffle Kings
15.4%
Current Teams
Converted Communist Cricket Players
15.4%
Current Teams
Metachlorian Counts
15.4%
Current Teams
Swamp Guineas
15.4%
First Round Draft Picks (Pitchers)
Jason Schmidt
15.4%
First Round Draft Picks (Pitchers)
Kevin K. Brown
15.4%
AlliterativeTeam Names
Norwegian Nightmares
15.4%
AlliterativeTeam Names
Pinstripe Pride
15.4%
TWL Champions
Dirk's Digglers
7.7%
AlliterativeTeam Names
Kielbasa Kids
7.7%
AlliterativeTeam Names
Dirk's Digglers
7.7%
AlliterativeTeam Names
Scooby Snacks
7.7%
AlliterativeTeam Names
Unruly Underachievers
7.7%
Quiz Playlist
Details
Report
Send in Message
Add To Playlist
Classic:
Type in answers that appear in a list
Last Updated: Feb 16, 2017
Quiz Scoreboard
CHALLENGE
Sign Up to Join the Scoreboard
Show All
Scores
Hide
Comments
May contain spoilers
Recently Published
College Basketball Coaching Resumes
by pancakes188
Sports
9m
Billboard Blitz: Fleetwood Mac
by CooCooCachoo
Music
15s
Presidents Visiting Landmarks
by Hejman
History
7m
More to Explore
Quiz From the Vault
Featured Blog Post
Where Did the Easter Bunny Come From?
hide this ad
You Might Also Like...
Tags
1st Round
2003
Alliteration
champion
Draft
Draft Picks
Fully
impossible
round
team
Team Names
Today's Top Quizzes in Sports
Browse Sports
hide this ad
Today's Top Quizzes in round
Browse round
Top Contributed Quizzes in Sports
1
Les meilleurs buteurs des matchs entre le PSG et l’OM
2
2022 World Cup Stars
3
FIFA Club World Cup Champions
4
Les entraîneurs de l'OM et du PSG au 21e siècle
5
Criteria MLB: Left Handed Sluggers
6
AFC Teams Reveal (Wrong Answers Minefield)
7
5-to-1: UK Sports Teams
8
Name the Premier League winners with different clubs
9
5-to-1: FBS Animal Nicknames
10
Players with Multiple 50 Home Run Seasons
Explore More
Trending Topics
Disney
Marvel
Kpop
Harry Potter
Crossword
NBA
Anime
NFL
The Office
Puzzle
Song
Soccer
Country
Pokémon
WWE
hide this ad
More By:
ExistentialWolf
Quiz
Plays
Rating
Category
Featured
Created
Countdown!
148
3.33
Miscellaneous
Dec 17, 2009
Within 500 Miles
140
3.00
Geography
Jan 28, 2013
We Need a Hero
32
5.00
Language
Sep 29, 2011
TWL Impossible Question
13
Sports
Jul 12, 2010
Go to Creator's Profile
Score Distribution
Quiz Creator Spotlight
ExistentialWolf
Follow
Send a Message
Quizzes Created
-
Created Quiz Play Count
-
More By This Creator
Popular Quizzes Today
1
Find the US States - No Outlines Minefield
2
Find the Countries of Europe - No Outlines Minefield
3
The Countries of the World
4
Find the US States
5
Risky Map Clicking: Biggest States A-Z
6
US States
7
Popular People in 1961
8
Movies - When Are They Set?
More Sports Quizzes
Male Athletes Sorting Blitz
Published
Trending Quizzes
Risky Map Clicking: Least Populous States A-Z
1-10 Letter G Words
1-10 Letter F Words
Risky Map Clicking: Next State Alphabetically
Click the Washington State Counties! (Map)
Recently Updated
Leaping Animals
pecheneg
Reality TV Shows (A-Z)
bhenderson79
Rickey Henderson's Hall of Fame Teammates
pecheneg
Champions League XIs: Arsenal
pecheneg
Quick Pick: Celebrities in WWE's Hall of Fame
aduchscher
A-Z Keypad Blitz II
pecheneg
Multiple Oscar Actors
pecheneg
Mystery Phrase Blitz: Oscar 'Best Actors'
pecheneg
F. Scott Fitzgerald Novels
LTH
Pick 3 Villains
ddd62291
Trending Topics
Harry Potter
NBA
Disney
Crossword
Anime
Marvel
Kpop
Song
Country
WWE
NFL
Puzzle
The Office
Soccer
Pokémon
Your Account Isn't Verified!
In order to create a playlist on Sporcle, you need to verify the email address you used during registration. Go to your
Sporcle Settings
to finish the process.
Report this User
Report this user for behavior that violates our
Community Guidelines
.
Details:
Send Report
Go to the Sporcle.com Mobile Site →
Comments